000 00262nam a22001097a 4500
008 170125b xxu||||| |||| 00| 0 eng d
020 _a9780397544738
041 _aeng
080 _a618.2
245 _aCASE STUDIES IN NURSING ETHICS
_cVEATCH, R.M
942 _2udc
_cBK
999 _c3661
_d3661